Responses for Show #2329 - Thursday, October 20, 1994

Contestants

[<< previous game]

Randy Young, a production manager from Chicago, Illinois

Erik Russell, a high school tutor from Westminster, California

Peg Serenyi, a school librarian from Potomac, Maryland (whose 2-day cash winnings total $24,600)

[next game >>]

Jeopardy! Round responses

JERUSALEM
ANIMATION
AMERICANA
NICKNAMES
IMMORTALITY
FILE UNDER "J"
    $100 1
a wind

Peg
    $100 21
Popeye

Peg
    $100 20
Alaska

Erik
    $100 12
France

Peg
    $100 8
a peach

Randy
    $100 3
jitterbug

Peg
    $200 2
Friday, Saturday & Sunday

Randy
    $200 23
Who Framed Roger Rabbit

Erik
    $200 22
(Peg: What is Raleigh-Durham?)

Winston-Salem

PegErik
    $200 13
General Motors

Randy
    $200 16
the Fountain of Youth

Peg
    $200 7
Johannesburg

Erik
    $300 4
David

Erik
    $300 24
Mr. Magoo

Erik
    $300 28
Charleston

Peg
    $300 14
Houdini

Peg
    $300 17
reincarnation

Erik
    $300 9
a jamboree

Randy
    $400 5
the Knesset

Randy
    $400 25
Schoolhouse Rock

Erik
    $400 29
Virginia

Peg
    $400 15
Calamity Jane

Erik
    $400 18
Pollux

Erik
    $400 10
a junta

Peg
    $500 6
(Erik: What is Temple Mount?)

the Old City

Erik
Triple Stumper
    $500 26
George Pal

Triple Stumper
    $800 30
New Mexico

Peg
    $500 27
the Swedish Nightingale

Randy
    $500 19
flowers

Peg
    $500 11
(Leon) Jaworski

Randy

Scores at the first commercial break (after clue 15):

Peg Erik Randy
$1,000 $400 $1,700

Scores at the end of the Jeopardy! Round:

Peg Erik Randy
$3,100 $2,300 $2,200

Double Jeopardy! Round responses

THE AMERICAN REVOLUTION
MUSEUMS
MEDICAL HISTORY
LITERATURE
CHEESE
FAMOUS WILSONS
    $200 4
Paul Revere

Randy
    $200 7
Edinburgh

Peg
    $200 22
yang

Randy
    $200 1
Ernest Hemingway

Erik
    $200 2
wax

Peg
    $200 21
the Declaration of Independence & the Constitution

Randy
    $400 14
John Paul Jones

Peg
    $400 8
Mozart

Randy
    $400 23
(Erik: Who is Lavoisier?)

Pasteur

PegErik
    $400 3
A Tale of Two Cities

Erik
    $400 6
feta cheese

Peg
    $400 24
Grant

Peg
    $600 15
Cornwallis

Erik
    $1,000 9
Geneva

Randy
    $600 26
liver

Randy
    $600 5
Edgar Rice Burroughs

Erik
    $600 18
Emmentaler

Erik
    $600 25
Wilson Pickett

Randy
    $900 16
(Baron Friedrich Wilhelm Von) Steuben

Erik
    $800 10
Bavaria

Peg
    $800 27
(Sister) Kenny

Peg
    $800 12
All Quiet on the Western Front

Randy
    $800 19
goat's milk

Erik
    $800 29
(Erik: What is the bald eagle?)

Uncle Sam

PegErik
    $1000 17
(Erik: Who is Burgoyne?)

General Howe

Erik
Triple Stumper
    $1000 11
the Rijksmuseum

Randy
    $1000 28
(William) Harvey

Erik
    $1000 13
(Randy: Who is Tryon?)

William Styron

PegRandy
    $1000 20
Stilton

Peg
    $1000 30
(Erik: Who is Baldwin?)

August Wilson

Erik
Triple Stumper

Scores at the end of the Double Jeopardy! Round:

Peg Erik Randy
$9,500 $4,200 $6,200

[wagering suggestions for these scores]

Final Jeopardy! Round responses

1960s THEATRE
(Alex: He wrote the book for Sweet Charity; he had Star-Spangled Girl and a couple of others that I'll tell you about in a moment.)
...
(Alex: The other two were The Odd Couple and Barefoot in the Park.)
ErikWho is Neil Simon?
$0
RandyWho is Neil Simon?
$6,000
PegWho is Neil Simon
$3,000
Neil Simon

Final scores:

Peg Erik Randy
$12,500 $4,200 $12,200
3-day champion: $37,100 3rd place: Iris Arc crystal cottage 2nd place: Broyhill dining room set + Carpet One carpeting

Game dynamics:

Coryat scores:

Peg Erik Randy
$9,200 $4,100 $5,800
22 R
(including 1 DD),
1 W
18 R
(including 1 DD),
5 W
16 R
(including 1 DD),
1 W

Combined Coryat: $19,100

[game clues] [game scores] [suggest correction]

Game tape date: 1994-08-24
The J! Archive is created by fans, for fans. Scraping, republication, monetization, and malicious use prohibited; this site may use cookies and collect identifying information. See terms. The Jeopardy! game show and all elements thereof, including but not limited to copyright and trademark thereto, are the property of Jeopardy Productions, Inc. and are protected under law. This website is not affiliated with, sponsored by, or operated by Jeopardy Productions, Inc. Join the discussion at JBoard.tv.